All Cities on a Map by Letter - H - Statistics

General Stats
  • This quiz has been taken 15 times
  • The average score is 98 of 1585
Answers on the Map
Answers color-coded by a green-red scale on the quiz's map according to % correct below.
 
Answer Stats
Country City population City % Correct
Germany 30558 Haan
92%
Germany 23056 Haar
92%
Ghana 83715 Ho
92%
Germany 2496600 Hamburg
77%
United States 60034 Hamburg
77%
India 10879 Harri
77%
Finland 1360075 Helsinki
77%
United States 346323 Honolulu
77%
Japan 80099 Hannō
69%
Vietnam 8587100 Hanoi
69%
India 35000 Harra
69%
Cuba 2089532 Havana
69%
United States 6046392 Houston
69%
Libya 18878 Hūn
69%
United Kingdom 35895 Hyde
69%
United States 21091 Hyde Park
69%
Canada 439819 Halifax
62%
United Kingdom 104100 Halifax
62%
Canada 729560 Hamilton
62%
New Zealand 176500 Hamilton
62%
United States 91802 Hamilton
62%
United States 63124 Hamilton
62%
United Kingdom 53188 Hamilton
62%
United States 11412 Hamilton
62%
Australia 9974 Hamilton
62%
United States 8596 Hamilton
62%
Bermuda 854 Hamilton
62%
Canada 10942 Hamilton Township
62%
Ethiopia 129000 Harar
62%
Zimbabwe 1558823 Harare
62%
United States 324523 Henderson
62%
United States 27994 Henderson
62%
United States 14922 Henderson
62%
United States 13348 Henderson
62%
Argentina 9585 Henderson
62%
United States 48223 Hilo
62%
Japan 1198021 Hiroshima
62%
India 10494000 Hyderābād
62%
China 9523000 Hangzhou
54%
Germany 548186 Hannover
54%
United States 16483 Hanover
54%
Canada 15733 Hanover
54%
United States 14800 Hanover
54%
United States 14627 Hanover
54%
United States 11703 Hanover
54%
United States 11702 Hanover
54%
United States 11449 Hanover
54%
United Kingdom 91053 Hastings
54%
United States 25005 Hastings
54%
United States 22050 Hastings
54%
United States 9338 Hastings
54%
Australia 197451 Hobart
54%
United States 29646 Hobart
54%
United States 10418 Hobart
54%
Solomon Islands 84520 Honiara
54%
United States 203691 Huntington
54%
United States 201208 Huntington
54%
United States 17026 Huntington
54%
United States 13250 Huntington
54%
United Kingdom 9630 Huntington
54%
United States 196010 Huntington Beach
54%
Bhutan 2495 Haa
46%
Israel 600000 Haifa
46%
Germany 242172 Halle
46%
Belgium 39096 Halle
46%
United States 499494 Harrisburg
46%
United States 19203 Harrisburg
46%
United States 8608 Harrisburg
46%
Sweden 116029 Helsingborg
46%
Vietnam 15136000 Ho Chi Minh City
46%
Germany 190490 Hagen
38%
Japan 788211 Hamamatsu
38%
Germany 180761 Hamm
38%
China 3830000 Harbin
38%
United States 29279 Harrison
38%
United States 19599 Harrison
38%
United States 13460 Harrison
38%
United States 13345 Harrison
38%
United States 13217 Harrison
38%
United States 10022 Harrison
38%
United States 969171 Hartford
38%
United States 15761 Hartford
38%
United States 10713 Hartford
38%
China 4216940 Hefei
38%
France 18579 Hem
38%
Germany 46963 Hof
38%
Nigeria 260900 Hong
38%
Hong Kong 7450000 Hong Kong
38%
Netherlands 162543 Haarlem
31%
Vietnam 2310280 Haiphong
31%
Belgium 24829 Hamme
31%
United States 137334 Hampton
31%
United Kingdom 20000 Hampton
31%
United States 18273 Hampton
31%
United States 16366 Hampton
31%
Japan 117544 Handa
31%
China 2708015 Handan
31%
Austria 13495 Hard
31%
United States 9333 Havre
31%
Germany 22467 Heide
31%
Germany 162960 Heidelberg
31%
South Africa 27407 Heilbron
31%
Germany 130093 Heilbronn
31%
China 57165 Hele
31%
United States 33126 Helena
31%
United States 21452 Helena
31%
Spain 30492 Hellín
31%
Afghanistan 556205 Herāt
31%
Mexico 855563 Hermosillo
31%
Germany 157896 Herne
31%
Germany 102325 Hildesheim
31%
United States 152935 Hollywood
31%
United States 8787 Hope
31%
United States 147841 Houma
31%
China 2632788 Huai’an
31%
China 2333896 Huainan
31%
China 2509243 Huizhou
31%
United States 359389 Huntsville
31%
United States 46917 Huntsville
31%
Canada 19816 Huntsville
31%
China 1558826 Huzhou
31%
China 2250000 Haikou
23%
Japan 50176 Hamada
23%
Finland 19534 Hamina
23%
United States 77098 Hammond
23%
United States 67874 Hammond
23%
Germany 103184 Hanau
23%
United States 68276 Hanford
23%
Turkey 32519 Hani
23%
India 20611 Hardi
23%
United States 115767 Harlingen
23%
Netherlands 15822 Harlingen
23%
United Kingdom 87995 Hartlepool
23%
Belgium 77651 Hasselt
23%
India 16394 Hatti
23%
United States 159201 Hayward
23%
United States 10545 Heath
23%
United States 10218 Heath
23%
United Kingdom 94932 Hemel Hempstead
23%
United States 789177 Hempstead
23%
United States 62390 Hendersonville
23%
United States 15253 Hendersonville
23%
China 4212933 Hengshui
23%
China 6645243 Hengyang
23%
United Kingdom 53112 Hereford
23%
United States 14874 Hereford
23%
Belgium 17598 Herve
23%
Australia 57722 Hervey Bay
23%
United States 221901 Hialeah
23%
United States 16100 Hibbing
23%
United Kingdom 120256 High Wycombe
23%
Germany 15731 Hille
23%
Netherlands 91235 Hilversum
23%
Japan 114846 Hōfu
23%
China 2866615 Hohhot
23%
United States 80725 Homestead
23%
United States 27697 Homewood
23%
United States 19471 Homewood
23%
Syria 775404 Homs
23%
United States 92401 Hoover
23%
Denmark 63162 Horsens
23%
United States 20261 Howard
23%
Belarus 361115 Hrodna
23%
Angola 713134 Huambo
23%
United Kingdom 162949 Huddersfield
23%
United States 25476 Hudson
23%
Canada 24245 Hudson
23%
United States 23007 Hudson
23%
United States 19959 Hudson
23%
United States 15004 Hudson
23%
United States 10873 Hudson
23%
Spain 143290 Huelva
23%
United States 62458 Huntersville
23%
United States 53658 Huntington Park
23%
United States 54956 Hacienda Heights
15%
United States 45768 Hackensack
15%
United States 206889 Hagerstown
15%
Japan 251891 Hakodate
15%
United States 41224 Hallandale Beach
15%
Sweden 71422 Halmstad
15%
United States 45681 Haltom City
15%
Iran 554406 Hamadān
15%
Germany 57916 Hameln
15%
Korea, North 768551 Hamhŭng
15%
Norway 8073 Hammerfest
15%
United States 27830 Hamtramck
15%
United States 36850 Hanover Park
15%
South Africa 9544 Harding
15%
Liberia 17837 Harper
15%
United States 73926 Harrisonburg
15%
United Kingdom 73576 Harrogate
15%
United States 21710 Harvey
15%
United States 19831 Harvey
15%
United States 82730 Hattiesburg
15%
Thailand 406513 Hat Yai
15%
United States 67387 Haverhill
15%
United Kingdom 26860 Haverhill
15%
United States 14857 Havre de Grace
15%
United States 13816 Hawaiian Gardens
15%
United States 85933 Hawthorne
15%
United States 19472 Hawthorne
15%
United Kingdom 93928 Hayes
15%
United Kingdom 15906 Hayes
15%
United States 10184 Hazle
15%
United States 20353 Hazlet
15%
United States 29886 Hazleton
15%
China 1565973 Hebi
15%
Netherlands 28497 Heerenveen
15%
Germany 8603 Heiden
15%
Germany 49895 Heidenheim
15%
Denmark 47563 Helsingør
15%
United States 176009 Hemet
15%
Germany 67265 Herford
15%
United States 16132 Hermitage
15%
United States 24529 Herndon
15%
United States 57336 Herriman
15%
United States 100141 Hesperia
15%
China 8287693 Heze
15%
United States 22634 Hialeah Gardens
15%
United States 200500 Hickory
15%
United States 56690 Highland
15%
United States 23749 Highland
15%
United States 19625 Highland
15%
United States 10268 Highland
15%
United States 30229 Highland Park
15%
United States 14981 Highland Park
15%
United States 8798 Highland Park
15%
United States 8774 Highland Park
15%
United States 12894 Highlands
15%
United States 101437 Highlands Ranch
15%
United States 171342 High Point
15%
United States 107050 Hillsboro
15%
United States 43477 Hillsborough
15%
United States 22302 Hillsborough
15%
United States 11122 Hillsborough
15%
United States 9656 Hillsborough
15%
United States 37805 Hilton Head Island
15%
Japan 527596 Himeji
15%
Japan 190598 Hino
15%
Japan 20945 Hino
15%
Iraq 66700 Hīt
15%
United States 39887 Hobbs
15%
United States 58340 Hoboken
15%
Belgium 41220 Hoboken
15%
United States 51186 Hoffman Estates
15%
Cuba 350191 Holguín
15%
United States 110905 Holland
15%
United States 43429 Holly Springs
15%
United States 17693 Holly Springs
15%
Germany 42498 Homburg
15%
Netherlands 77885 Hoofddorp
15%
United States 18696 Hopkins
15%
United States 31011 Hopkinsville
15%
Ukraine 239828 Horlivka
15%
Brazil 215819 Hortolândia
15%
Czechia 93906 Hradec Králové
15%
Taiwan 453536 Hsinchu
15%
China 1970265 Huaibei
15%
China 4587594 Huaihua
15%
Peru 378203 Huancayo
15%
China 2469079 Huangshi
15%
China 1291668 Huazhou
15%
China 1247807 Huazhou
15%
India 943788 Hubli
15%
India 943788 Hubli
15%
Spain 54704 Huesca
15%
China 2434194 Huludao
15%
United Kingdom 23732 Huntingdon
15%
United States 39837 Hutchinson
15%
United States 14629 Hutchinson
15%
United States 32188 Hutto
15%
United States 20861 Hyattsville
15%
France 55384 Hyères
15%
Netherlands 14195 Haaren
8%
Germany 12216 Haaren
8%
Japan 575721 Hachiōji
8%
Japan 164292 Hadano
8%
Iceland 30568 Hafnarfjörður
8%
Germany 12344 Hagenow
8%
France 36070 Haguenau
8%
China 1067905 Haicheng
8%
China 168227 Haicheng
8%
Germany 19596 Haiger
8%
Germany 11044 Haigerloch
8%
Burma 72000 Haka
8%
Japan 10925 Hakone
8%
Japan 20031 Hakui
8%
Pakistan 71094 Hala
8%
China 18797 Hala
8%
Germany 40069 Halberstadt
8%
Norway 31387 Halden
8%
Germany 19188 Haldensleben
8%
Belgium 9461 Halen
8%
Finland 8879 Halikko
8%
Germany 12140 Hallbergmoos
8%
Austria 21150 Hallein
8%
Austria 13897 Hall in Tirol
8%
Canada 62951 Halton Hills
8%
Finland 10319 Hämeenkyrö
8%
Finland 68288 Hämeenlinna
8%
Germany 10826 Hammelburg
8%
Germany 27450 Hamminkeln
8%
Pakistan 39766 Hangu
8%
China 350000 Hangu
8%
United States 16825 Hannibal
8%
Germany 23418 Hannoversch Münden
8%
Germany 24719 Haren
8%
Netherlands 17950 Haren
8%
United States 33595 Harker Heights
8%
United Kingdom 82059 Harlow
8%
France 12264 Harnes
8%
Spain 11979 Haro
8%
Turkey 96072 Harran
8%
Germany 11733 Harrislee
8%
United Kingdom 149246 Harrow
8%
Norway 25148 Harstad
8%
Japan 66312 Hashima
8%
Turkey 56675 Hassa
8%
Germany 13982 Haßfurt
8%
India 8598 Hāta
8%
Turkey 399045 Hatay
8%
India 37638 Hatta
8%
Germany 14608 Hatten
8%
Germany 54620 Hattingen
8%
Norway 45040 Haugesund
8%
Finland 18994 Haukipudas
8%
United States 16471 Havelock
8%
New Zealand 13950 Havelock North
8%
New Zealand 9792 Hawera
8%
United States 21078 Hays
8%
United States 11117 Haysville
8%
United Kingdom 30826 Haywards Heath
8%
Turkmenistan 28100 Hazar
8%
United States 25214 Hazelwood
8%
United States 11274 Healdsburg
8%
West Bank 201063 Hebron
8%
Netherlands 86936 Heerlen
8%
Finland 17953 Heinola
8%
Germany 43620 Heinsberg
8%
Netherlands 92627 Helmond
8%
Germany 25633 Helmstedt
8%
United Kingdom 35874 Hendon
8%
Netherlands 81049 Hengelo
8%
Germany 26623 Hennigsdorf
8%
Germany 13179 Herbrechtingen
8%
United States 26245 Hercules
8%
Philippines 77443 Hermosa
8%
United States 19248 Hermosa Beach
8%
United States 17580 Hernando
8%
Argentina 11182 Hernando
8%
United States 8795 Hernando
8%
Germany 32961 Herrenberg
8%
United States 12271 Herrin
8%
Germany 62204 Herten
8%
Germany 8678 Herzberg
8%
Germany 24674 Herzogenaurach
8%
Germany 47071 Herzogenrath
8%
Azerbaijan 2000 Heydərabad
8%
United States 14250 Hidalgo
8%
Japan 49100 Hikari
8%
Germany 11682 Hildburghausen
8%
Germany 55689 Hilden
8%
United States 36560 Hilliard
8%
United States 22179 Hillside
8%
Uganda 14700 Hima
8%
Japan 43747 Himi
8%
United States 35282 Hinesville
8%
Burma 84880 Hinthada
8%
Japan 167803 Hirosaki
8%
Japan 61755 Hita
8%
Denmark 12191 Hobro
8%
Netherlands 10340 Hoek van Holland
8%
Germany 15626 Hofgeismar
8%
Germany 40412 Hofheim
8%
Japan 10491 Hōki
8%
New Zealand 2892 Hokitika
8%
Japan 45661 Hokuto
8%
Japan 43452 Hokuto
8%
Kenya 6931 Hola
8%
United States 19885 Holden
8%
United States 8530 Hollis
8%
United States 43003 Hollister
8%
Finland 22885 Hollola
8%
United States 11027 Holmen
8%
United States 25275 Holt
8%
United States 37949 Holyoke
8%
Germany 16719 Holzkirchen
8%
Belarus 501102 Homyel’
8%
Colombia 23830 Honda
8%
Japan 77900 Honjō
8%
Netherlands 55603 Hoogeveen
8%
Sweden 12976 Höör
8%
Netherlands 75645 Hoorn
8%
United States 22944 Hopewell
8%
United States 13409 Hopewell
8%
United States 26622 Horn Lake
8%
India 9981 Hosur
8%
India 229528 Hosūr
8%
United States 38023 Hot Springs
8%
Faroe Islands 100 Hov
8%
United Kingdom 91900 Hove
8%
Germany 28749 Höxter
8%
Germany 31404 Hoyerswerda
8%
Vietnam 652572 Huế
8%
China 600000 Huangyan
8%
United States 43266 Huber Heights
8%
United States 10098 Hull
8%
United States 14347 Huron
8%
United States 39912 Hurst
8%
Germany 61252 Hürth
8%
Germany 23814 Husum
8%
Belgium 21293 Huy
8%
Finland 46925 Hyvinkää
8%
Yemen 8545 Ḩadībū
0%
Iraq 46500 Ḩadīthah
0%
Saudi Arabia 387096 Ḩafr al Bāţin
0%
Saudi Arabia 310897 Ḩā’il
0%
Yemen 53887 Ḩajjah
0%
Iraq 65200 Ḩalabjah
0%
Jordan 8647 Ḩalāwah
0%
Egypt 619293 Ḩalwān
0%
Syria 696863 Ḩamāh
0%
Iran 22057 Ḩamīdīyeh
0%
Iraq 15985 Ḩammām al ‘Alīl
0%
Saudi Arabia 25649 Ḩaql
0%
Saudi Arabia 111214 Ḩaraḑ
0%
Syria 45974 Ḩarastā
0%
Syria 21934 Ḩārim
0%
Iraq 28518 Ḩarīr
0%
Saudi Arabia 13000 Ḩarmah
0%
Syria 9595 Ḩās
0%
Iran 10942 Ḩaşşeh
0%
Syria 12330 Ḩawsh al Baḩdalīyah
0%
Saudi Arabia 28954 Ḩawţat Sudayr
0%
Iran 9826 Ḩeşārcheh-ye Pā’īn
0%
Belgium 14470 Haacht
0%
Netherlands 24229 Haaksbergen
0%
Belgium 18443 Haaltert
0%
Estonia 9375 Haapsalu
0%
Kenya 174134 Habaswein
0%
Bangladesh 83114 Habiganj
0%
Japan 108370 Habikino
0%
Sweden 9499 Habo
0%
India 147221 Hābra
0%
Colombia 9745 Hacarí
0%
Japan 23742 Hachimantai
0%
Japan 222799 Hachinohe
0%
Iran 10398 Hachīrūd
0%
Turkey 12465 Hacılar
0%
Algeria 9176 Hacine
0%
Azerbaijan 27536 Hacıqabul
0%
Azerbaijan 22000 Hacı Zeynalabdin
0%
United States 10143 Hackettstown
0%
United Kingdom 11734 Hackney
0%
Pakistan 53669 Hadali
0%
Germany 13093 Hadamar
0%
Morocco 22652 Haddada
0%
United Kingdom 9130 Haddington
0%
United States 15398 Haddon
0%
United States 12502 Haddonfield
0%
Morocco 9435 Had Dra
0%
Israel 95700 Hadera
0%
Denmark 22182 Haderslev
0%
India 9725 Hadiāya
0%
Turkey 10999 Hadim
0%
Iran 27842 Hādīshahr
0%
Algeria 15835 Hadjadj
0%
Algeria 65300 Hadjout
0%
Morocco 9201 Had Laaounate
0%
United Kingdom 18300 Hadleigh
0%
United Kingdom 8745 Hadleigh
0%
Morocco 21779 Had Oulad Issa
0%
Algeria 22277 Had Sahary
0%
Ukraine 22851 Hadyach
0%
Bosnia and Herzegovina 23891 Hadžići
0%
Morocco 18239 Had Zraqtane
0%
Argentina 37745 Haedo
0%
Korea, North 241599 Haeju
0%
Korea, South 46994 Haeryong
0%
Pakistan 318621 Hafizabad
0%
Iran 21352 Hafshejān
0%
Iran 15802 Haftkel
0%
Japan 14833 Haga
0%
India 9070 Hagaranahalli
0%
India 47042 Hagaribommanahalli
0%
Guam 1051 Hagåtña
0%
Germany 11264 Hagen im Bremischen
0%
Ethiopia 48171 Hāgere Hiywet
0%
Sweden 12125 Hagfors
0%
Japan 44118 Hagi
0%
Vietnam 55559 Hà Giang
0%
France 9300 Hagondange
0%
Philippines 133448 Hagonoy
0%
Philippines 56919 Hagonoy
0%
China 874334 Hai’an
0%
Germany 8628 Haibach
0%
India 13833 Haidarnagar
0%
Pakistan 10001 Haider Khel
0%
China 27105 Haigangli
0%
China 10368 Haikoucun
0%
United States 9290 Haiku-Pauwela
0%
India 39255 Hailākāndi
0%
United States 9439 Hailey
0%
China 292755 Hailin
0%
United Kingdom 23000 Hailsham
0%
China 480216 Hailun
0%
United States 31156 Haines City
0%
Morocco 27204 Hairel Nhai
0%
Ukraine 25698 Haisyn
0%
Ukraine 14010 Haivoron
0%
China 25568 Haiwei
0%
India 13163 Hājan
0%
Hungary 29310 Hajdúböszörmény
0%
Hungary 13073 Hajdúhadház
0%
Hungary 16087 Hajdúnánás
0%
Hungary 14170 Hajdúsámson
0%
Hungary 23918 Hajdúszoboszló
0%
Tunisia 10631 Hajeb el Aïoun
0%
Syria 37935 Hajīn
0%
India 28226 Hājipur
0%
India 147688 Hājīpur
0%
India 10030 Hājīpur
0%
Pakistan 28953 Hajira
0%
Pakistan 16506 Haji Shah
0%
Poland 19667 Hajnówka
0%
Burma 20000 Hakha
0%
India 8741 Hakka
0%
Turkey 58470 Hakkari
0%
Sri Lanka 28941 Hakmana
0%
Japan 8621 Hakubachō
0%
Mexico 9412 Halachó
0%
Hungary 12072 Halásztelek
0%
India 11381 Halavāgalu
0%
United States 13809 Halawa
0%
Lebanon 4730 Halba
0%
India 200827 Haldia
0%
India 14404 Haldībāri
0%
India 10132 Haldipur
0%
India 656000 Haldwāni
0%
United States 8936 Haledon
0%
India 8573 Hale Dyāmavvanahalli
0%
Poland 26080 Halemba
0%
United Kingdom 60097 Halesowen
0%
United Kingdom 20116 Halewood
0%
Turkey 41662 Halfeti
0%
United States 25995 Halfmoon
0%
United States 11454 Half Moon Bay
0%
New Zealand 300 Halfmoon Bay
0%
United States 10974 Halfway
0%
Jamaica 96494 Half Way Tree
0%
India 12000 Halgar
0%
India 9158 Halgeri
0%
India 10176 Halgūr
0%
India 24196 Halikner
0%
India 124939 Hālīsahar
0%
India 27261 Haliyāl
0%
Germany 46280 Halle-Neustadt
0%
Korea, South 20910 Hallim
0%
United States 9455 Halls
0%
Australia 1499 Halls Creek
0%
Germany 8888 Hallstadt
0%
Sweden 15200 Hallstahammar
0%
France 20684 Halluin
0%
India 41108 Hālol
0%
United Kingdom 11906 Halstead
0%
Germany 18042 Halstenbek
0%
India 11593 Halsūr
0%
India 61247 Halvad
0%
Germany 16284 Halver
0%
India 14551 Halwāra
0%
Iran 11216 Hamadānak
0%
Japan 86653 Hamakita
0%
Norway 27947 Hamar
0%
Sri Lanka 11213 Hambantota
0%
Germany 10882 Hambühren
0%
Turkey 35390 Hamidiye
0%
United States 11643 Hamilton Square
0%
India 9370 Hamīra
0%
India 35475 Hamīrpur
0%
United States 16575 Ham Lake
0%
United States 8703 Hamlin
0%
Algeria 83603 Hamma Bouziane
0%
Algeria 35158 Hammam Bou Hadjar
0%
Algeria 34785 Hammam Dalaa
0%
Tunisia 13634 Hammam el Rhezez
0%
Tunisia 106326 Hammamet
0%
Tunisia 44207 Hammam-Lif
0%
Algeria 15854 Hammam M’Baïls
0%
Tunisia 47520 Hammam Sousse
0%
South Africa 21345 Hammanskraal
0%
United Kingdom 95996 Hammersmith
0%
United States 14746 Hammonton
0%
United States 33602 Hampden
0%
United Kingdom 48858 Hampstead
0%
United States 9129 Hampstead
0%
United States 9062 Hampstead
0%
United States 17138 Hampton Bays
0%
Malta 9743 Ħamrun
0%
India 8828 Hamsāvaram
0%
Philippines 52685 Hamtic
0%
Japan 53970 Hamura
0%
United Kingdom 13141 Hamworthy
0%
United States 21119 Hanahan
0%
Korea, South 154838 Hanam
0%
Japan 94691 Hanamaki Onsen
0%
India 14874 Hanamsāgar
0%
Japan 28929 Hanawa
0%
China 21149 Hancha
0%
China 383097 Hancheng
0%
China 903296 Hanchuan
0%
Tanzania 108968 Handeni
0%
Germany 11371 Handewitt
0%
Slovakia 16199 Handlová
0%
United Kingdom 9957 Handsworth
0%
India 269311 Handwāra
0%
China 24481 Hanerik
0%
India 33011 Hāngal
0%
Vietnam 11503 Hàng Trạm
0%
Kosovo 9403 Hani i Elezit
0%
Turkey 13322 Hanımçiftliği
0%
South Africa 11761 Hankey
0%
China 20713 Hanmayingcun
0%
Japan 49794 Hannan
0%
Belgium 16435 Hannut
0%
India 9841 Hānsa
0%
India 86770 Hānsi
0%
United States 10615 Hanson
0%
India 12525 Hansot
0%
Belarus 13355 Hantsavichy
0%
India 19629 Hanumana
0%
India 129654 Hanumāngarh
0%
Nepal 37738 Hanumānnagar
0%
India 12439 Hanumantanpatti
0%
India 12213 Hanūr
0%
United Kingdom 28768 Hanwell
0%
Japan 52740 Hanyū
0%
China 3211462 Hanzhong
0%
India 10000 Hanzviur
0%
China 36515 Haomen
0%
China 25903 Haoping
0%
India 1077075 Hāora
0%
United States 25572 Happy Valley
0%
India 317004 Hāpur
0%
Uzbekistan 27000 Haqqulobod
0%
Belarus 11533 Haradok
0%
Ethiopia 28096 Hāra Gebeya
0%
United States 8939 Harahan
0%
India 135066 Haraīpur
0%
India 9710 Haraiyā
0%
Nepal 9710 Haraiyā
0%
Japan 14257 Haramachida
0%
India 9242 Harbatpur
0%
Liberia 25309 Harbel
0%
Turkey 27057 Harbiye
0%
United States 16637 Harborcreek
0%
United Kingdom 23001 Harborne
0%
India 140274 Harchandpur
0%
Algeria 14869 Harchoune
0%
India 85136 Harda Khās
0%
India 10086 Hardās Bigha
0%
United States 9293 Hardeeville
0%
Netherlands 59689 Hardenberg
0%
Netherlands 50000 Harderwijk
0%
India 10890 Hardia
0%
India 9650 Hardia
0%
Netherlands 18413 Hardinxveld-Giessendam
0%
India 8766 Hardiya
0%
India 11729 Hardiyā
0%
India 126851 Hardoī
0%
India 14490 Harduli
0%
Belgium 27886 Harelbeke
0%
Netherlands 16179 Harenkarspel
0%
India 8556 Harewa
0%
India 14391 Hargāwān
0%
Somalia 1200000 Hargeysa
0%
Mongolia 14765 Harhorin
0%
Indonesia 10000 Haria
0%
India 10319 Hariāna
0%
India 228832 Haridwār
0%
India 18740 Harihans
0%
India 96422 Harihar
0%
India 14827 Hariharpāra
0%
India 28988 Hārij
0%
India 8662 Harīke
0%
Japan 33822 Harima
0%
Bangladesh 17533 Harinākunda
0%
Pakistan 49318 Haripur
0%
India 168443 Harīpur
0%
India 9610 Harīpur
0%
India 9088 Haripura
0%
India 11380 Harji
0%
India 9427 Harlākhi
0%
Romania 10349 Hârlău
0%
United States 9034 Harleysville
0%
Bulgaria 24947 Harmanli
0%
Pakistan 97017 Harnai
0%
India 176140 Harnaut
0%
Sweden 18236 Härnösand
0%
India 20840 Hārohalli
0%
India 14966 Hārohalli
0%
India 20341 Harpālpur
0%
India 55317 Harpanahalli
0%
United Kingdom 30240 Harpenden
0%
United States 15205 Harper Woods
0%
India 19099 Harpur
0%
India 9328 Harpur
0%
India 9179 Harpur Bhindi
0%
India 12768 Harpur Bochaha
0%
Tunisia 10014 Harqalah
0%
India 12447 Harrai
0%
South Africa 52765 Harrismith
0%
United States 10002 Harrisonville
0%
United States 9126 Harrodsburg
0%
United Kingdom 12270 Harrow on the Hill
0%
United Kingdom 11376 Harrow Weald
0%
Germany 14789 Harsefeld
0%
Germany 26126 Harsewinkel
0%
Ethiopia 117187 Harshin
0%
Iran 44146 Harsīn
0%
India 11179 Harsinghpur
0%
India 10319 Harsola
0%
Romania 8737 Hârşova
0%
Germany 11368 Harsum
0%
South Africa 22374 Hartbeespoort
0%
United States 9716 Hartland
0%
United States 15586 Hartselle
0%
United States 11805 Hartsville
0%
South Africa 10465 Hartswater
0%
India 9012 Hārua
0%
Pakistan 77206 Harunabad
0%
India 28410 Harūr
0%
United States 9875 Harvard
0%
United Kingdom 17684 Harwich
0%
United States 13506 Harwich
0%
United States 8851 Harwood Heights
0%
Japan 14332 Hasami
0%
India 15071 Hasanganj
0%
India 30000 Hasanparti
0%
India 611533 Hasanpur
0%
India 15083 Hasanpur
0%
India 12302 Hasanpur
0%
India 9321 Hasanpura
0%
India 14764 Hasanpur Juned
0%
Germany 11018 Hasbergen
0%
United States 12067 Hasbrouck Heights
0%
Germany 13663 Haselünne
0%
Japan 13176 Hashikami
0%
Japan 61063 Hashimoto
0%
Iran 55640 Hashtgerd
0%
Iran 54178 Hashtpar
0%
Iran 20572 Hashtrūd
0%
Pakistan 99171 Hasilpur
0%
Afghanistan 50595 Haskah Mēnah
0%
Bulgaria 94156 Haskovo
0%
Turkey 13057 Hasköy
0%
United Kingdom 16826 Haslemere
0%
United States 19025 Haslett
0%
Denmark 12280 Haslev
0%
United Kingdom 16849 Haslingden
0%
Ukraine 10310 Haspra
0%
Lebanon 12000 Hasroûn
0%
India 133436 Hassan
0%
Pakistan 50044 Hassan Abdal
0%
Algeria 86421 Hassi Bahbah
0%
Algeria 12118 Hassi el Ghella
0%
Algeria 12221 Hassi Fedoul
0%
Algeria 31784 Hassi Khelifa
0%
Algeria 21778 Hassi Maameche
0%
Algeria 45147 Hassi Messaoud
0%
Sweden 18500 Hässleholm
0%
Germany 20450 Haßloch
0%
India 58452 Hastināpur
0%
Japan 61473 Hasuda
0%
United Kingdom 10693 Hatch End
0%
Romania 8793 Haţeg
0%
United Kingdom 43090 Hatfield
0%
United States 18738 Hatfield
0%
United Kingdom 17149 Hatfield
0%
India 8514 Hāthāpur
0%
India 9369 Hathaura
0%
India 11973 Hathauri
0%
India 8619 Hathiākān
0%
India 15168 Hathīaundha
0%
India 11057 Hāthidāh Buzurg
0%
India 12279 Hathwān
0%
Bangladesh 34445 Hatibanda
0%
Vietnam 100560 Hà Tiên
0%
Colombia 12270 Hatillo de Loba
0%
Vietnam 380000 Hà Tĩnh
0%
Colombia 11431 Hato Corozal
0%
India 11916 Hātod
0%
Japan 61781 Hatogaya-honchō
0%
Dominican Republic 61517 Hato Mayor
0%
Colombia 23911 Hatonuevo
0%
Japan 13365 Hatoyama
0%
Japan 114699 Hatsukaichi
0%
Netherlands 12228 Hattem
0%
Germany 28528 Hattersheim
0%
Pakistan 11880 Hattian Bala
0%
India 9014 Hatti Mattūr
0%
Sri Lanka 15073 Hatton
0%
Hungary 19943 Hatvan
0%
India 11102 Hatwāns
0%
France 14922 Haubourdin
0%
United States 20772 Hauppauge
0%
Canada 11147 Hauterive
0%
France 14197 Hautmont
0%
Germany 11775 Hauzenberg
0%
United Kingdom 45826 Havant
0%
India 10101 Havanūr
0%
United States 50465 Haverford
0%
India 73805 Hāveri
0%
United States 38922 Haverstraw
0%
India 16676 Hāvi Bhauār
0%
Czechia 69694 Havířov
0%
Germany 12215 Havixbeck
0%
Czechia 23746 Havlíčkŭv Brod
0%
Turkey 28058 Havran
0%
Turkey 8702 Havsa
0%
Turkey 38492 Havza
0%
United States 13273 Hawaiian Paradise Park
0%
United Kingdom 13884 Hawarden
0%
United Kingdom 13740 Hawick
0%
Canada 11755 Hawkesbury
0%
United Kingdom 12061 Hawkwell
0%
United States 9145 Hawthorn Woods
0%
Sudan 1000 Haya
0%
Japan 31546 Hayama
0%
Korea, South 27236 Hayang
0%
France 16013 Hayange
0%
Japan 12584 Hayashima
0%
United States 16021 Hayden
0%
United Kingdom 11416 Haydock
0%
United States 22309 Hayesville
0%
United Kingdom 9400 Hayle
0%
Oman 1000 Haymā’
0%
Turkey 26016 Haymana
0%
Turkey 30521 Hayrabolu
0%
India 142489 Hazāribāgh
0%
France 21785 Hazebrouck
0%
United States 13493 Hazel Crest
0%
United States 23086 Hazel Dell
0%
United Kingdom 20170 Hazel Grove
0%
United States 14945 Hazel Park
0%
Uzbekistan 18800 Hazorasp
0%
India 9393 Hazrat Shiura
0%
Turkey 16093 Hazro
0%
United Kingdom 17251 Heanor
0%
United States 11019 Heartland
0%
United Kingdom 16492 Hebburn
0%
United States 17438 Heber
0%
India 15187 Hebli
0%
India 11071 Hebri
0%
Mexico 10285 Hecelchakán
0%
China 3417945 Hechi
0%
Germany 19475 Hechingen
0%
United Kingdom 18149 Heckmondwike
0%
Germany 12031 Heddesheim
0%
Denmark 14868 Hedehusene
0%
Denmark 12680 Hedensted
0%
United Kingdom 18702 Hednesford
0%
China 15667 Hedongcun
0%
Germany 8788 Heek
0%
Netherlands 39191 Heemskerk
0%
Netherlands 27545 Heemstede
0%
Netherlands 18776 Heerde
0%
Netherlands 58387 Heerhugowaard
0%
Netherlands 9872 Heerlerbaan
0%
Netherlands 29728 Heesch
0%
Netherlands 9945 Heeze
0%
China 891271 Hegang
0%
India 15899 Heggadadevankote
0%
Japan 18088 Heguri
0%
Germany 16667 Heidenau
0%
Germany 8698 Heikendorf
0%
Germany 17260 Heilbad Heiligenstadt
0%
Germany 9373 Heiligenhafen
0%
Germany 26590 Heiligenhaus
0%
Netherlands 24144 Heiloo
0%
Germany 9832 Heilsbronn
0%
China 19370 Heishanzuicun
0%
China 19357 Heishuikeng
0%
Belgium 42950 Heist-op-den-Berg
0%
India 10813 Hejamādi
0%
China 11382 Hejiaji
0%
China 795198 Hejian
0%
China 392561 Hejin
0%
Japan 72480 Hekinan
0%
China 44998 Hekou
0%
United States 9533 Helena Valley Southeast
0%
United States 9218 Helena-West Helena
0%
United Kingdom 13640 Helensburgh
0%
Brazil 12309 Heliópolis
0%
China 376857 Helixi
0%
Norway 24173 Helleland
0%
France 18437 Hellemmes-Lille
0%
Netherlands 35932 Hellendoorn
0%
United Kingdom 11124 Hellesdon
0%
Netherlands 40312 Hellevoetsluis
0%
China 117087 Helong
0%
United States 9372 Helotes
0%
Denmark 8906 Helsinge
0%
United Kingdom 9780 Helston
0%
Germany 9700 Hemau
0%
India 10670 Hemāvati
0%
Taiwan 88740 Hemei
0%
Germany 33916 Hemer
0%
Belgium 11634 Hemiksem
0%
Germany 18885 Hemmingen
0%
Germany 9007 Hemmoor
0%
United States 41680 Hempfield
0%
Germany 11884 Hemsbach
0%
United Kingdom 14165 Hemsworth
0%
France 18074 Hendaye
0%
Turkey 90153 Hendek
0%
Iran 29015 Hendījān
0%
Netherlands 31258 Hendrik-Ido-Ambacht
0%
China 78575 Hengbei
0%
Taiwan 29702 Hengchun
0%
India 120000 Hengken
0%
China 81086 Hengkou
0%
China 101415 Hengnan
0%
Taiwan 12208 Hengshan
0%
China 29777 Hengshuicun
0%
China 896099 Hengzhou
0%
Ukraine 18889 Henichesk
0%
France 25764 Hénin-Beaumont
0%
United Kingdom 11619 Henley on Thames
0%
Algeria 26515 Hennaya
0%
France 15831 Hennebont
0%
Germany 48190 Hennef
0%
South Africa 24355 Hennenman
0%
United States 47134 Henrietta
0%
Germany 28375 Henstedt-Ulzburg
0%
Germany 27610 Heppenheim
0%
Germany 11242 Herbolzheim
0%
Germany 21142 Herborn
0%
Montenegro 19536 Herceg Novi
0%
Brazil 9278 Herculândia
0%
Germany 22665 Herdecke
0%
Costa Rica 3146 Heredia
0%
Algeria 17799 Herenfa
0%
Belgium 21632 Herent
0%
Belgium 28272 Herentals
0%
Belgium 9109 Herenthout
0%
France 10525 Héricourt
0%
Iran 10515 Herīs
0%
Switzerland 15744 Herisau
0%
Belgium 12661 Herk-de-Stad
0%
United States 9553 Herkimer
0%
Israel 93989 Herẕliyya
0%
United States 10192 Hermantown
0%
South Africa 5610 Hermanus
0%
United States 19406 Hermiston
0%
Germany 8527 Hermsdorf
0%
Spain 20355 Hernani
0%
Philippines 8531 Hernani
0%
United Kingdom 38385 Herne Bay
0%
Denmark 51193 Herning
0%
India 23851 Herohalli
0%
Mexico 67604 Heroica Caborca
0%
Mexico 40123 Heroica Ciudad de Tlaxiaco
0%
Mexico 117253 Heroica Guaymas
0%
Mexico 541979 Heroica Matamoros
0%
Mexico 261137 Heroica Nogales
0%
France 22473 Hérouville-Saint-Clair
0%
Germany 11045 Herrsching am Ammersee
0%
Germany 12772 Hersbruck
0%
India 8673 Herseh Chhīna
0%
Belgium 14521 Herselt
0%
United Kingdom 12414 Hersham
0%
United States 14334 Hershey
0%
Belgium 39958 Herstal
0%
United Kingdom 24720 Hertford
0%
South Africa 9423 Hertzogville
0%
Germany 10954 Herxheim
0%
Germany 12783 Herzberg am Harz
0%
Belgium 17723 Herzele
0%
India 9485 Hesarghatta
0%
China 516500 Heshan
0%
China 98938 Heshan
0%
China 28191 Heshancun
0%
Germany 12798 Hessisch Lichtenau
0%
Germany 18556 Hessisch Oldendorf
0%
United Kingdom 15486 Hessle
0%
United Kingdom 29075 Heswall
0%
Morocco 9727 Hetane
0%
India 8999 Hetanpur
0%
Nepal 84000 Heṭauḍā
0%
United Kingdom 14402 Hetton le Hole
0%
Germany 13498 Hettstedt
0%
Germany 10105 Heubach
0%
Belgium 10503 Heule
0%
Netherlands 16569 Heumen
0%
Korea, South 34328 Heunghae
0%
Netherlands 45005 Heusden
0%
Belgium 8688 Heusden
0%
Germany 19426 Heusenstamm
0%
Germany 18158 Heusweiler
0%
Belgium 23555 Heverlee
0%
Hungary 9863 Heves
0%
Benin 13450 Hévié
0%
United States 16244 Hewitt
0%
United Kingdom 11139 Hexham
0%
China 20729 Hexiang
0%
China 45814 Hexiwu
0%
China 7642 Heyin
0%
United Kingdom 17016 Heysham
0%
China 2837686 Heyuan
0%
China 86951 Heyunkeng
0%
United Kingdom 28205 Heywood
0%
China 2007858 Hezhou
0%
China 112173 Hezuo
0%
Vietnam 152160 Hội An
0%
United States 9195 Hickam Housing
0%
United States 14718 Hickory Hills
0%
United States 43868 Hicksville
0%
Iran 13840 Hīdaj
0%
Japan 54728 Hidaka
0%
Japan 11648 Hidaka
0%
Mexico 19587 Hidalgotitlán
0%
Germany 19896 Hiddenhausen
0%
Turkey 40226 Hıdırbey
0%
Brazil 17855 Hidrolândia
0%
Brazil 13086 Hidrolândia
0%
Vietnam 241373 Hải Dương
0%
Japan 12356 Higashiagatsuma
0%
Japan 197347 Higashi-Hiroshima
0%
Japan 11389 Higashiizu
0%
Japan 28305 Higashikagawa
0%
Japan 10152 Higashikagura
0%
Japan 38880 Higashimatsushima
0%
Japan 91818 Higashi-Matsuyama
0%
Japan 13776 Higashimiyoshi
0%
Japan 150458 Higashimurayama
0%
Japan 47747 Higashine
0%
Japan 112459 Higashiōmi
0%
Japan 490819 Higashi-ōsaka
0%
Japan 49252 Higashiura
0%
Japan 84260 Higashiyamato
0%
United Kingdom 8825 Higham Ferrers
0%
United Kingdom 16900 High Blantyre
0%
United Kingdom 26664 Highbury
0%
Australia 9474 Highfields
0%
United Kingdom 10955 Highgate
0%
United States 12732 Highland City
0%
United States 8619 Highland Heights
0%
United States 15091 Highland Springs
0%
United States 16004 Highland Village
0%
Canada 14324 High River
0%
Mexico 8976 Higuera de Zaragoza
0%
Venezuela 25000 Higuerote
0%
Dominican Republic 251243 Higüey
0%
Egypt 66702 Hihyā
0%
Japan 27887 Hiji
0%
Chile 17988 Hijuelas
0%
Japan 27641 Hikawa
0%
Japan 11038 Hikawadai
0%
Sri Lanka 101342 Hikkaduwa
0%
Japan 113191 Hikone
0%
Germany 14714 Hilchenbach
0%
South Africa 13329 Hillcrest
0%
United States 10203 Hillcrest
0%
United States 8989 Hillcrest
0%
United States 15670 Hillcrest Heights
0%
Netherlands 22197 Hillegom
0%
Denmark 36043 Hillerød
0%
United States 10086 Hillsdale
0%
United States 16594 Hilltown
0%
United States 8735 Hillview
0%
Philippines 64514 Hilongos
0%
Germany 13953 Hilpoltstein
0%
India 49863 Hilsa
0%
United Kingdom 13552 Hilsea
0%
Germany 10461 Hilter
0%
Turkey 42218 Hilvan
0%
Netherlands 15698 Hilvarenbeek
0%
Germany 9118 Hilzingen
0%
Philippines 116240 Himamaylan
0%
India 181137 Himatnagar
0%
India 9183 Himmatpura
0%
Ethiopia 21653 Himora
0%
Philippines 13693 Hinabangan
0%
Philippines 43841 Hinatuan
0%
Moldova 12491 Hînceşti
0%
Haiti 102745 Hinche
0%
United Kingdom 50712 Hinckley
0%
Congo (Brazzaville) 32995 Hinda
0%
India 14337 Hindalgi
0%
Philippines 20849 Hindang
0%
Azerbaijan 16998 Hindarx
0%
India 105690 Hindaun
0%
United Kingdom 25001 Hindley
0%
India 9601 Hindoli
0%
India 19046 Hindoria
0%
India 151677 Hindupur
0%
United States 24185 Hingham
0%
Philippines 9930 Hingyon
0%
Philippines 88909 Hinigaran
0%
Turkey 24680 Hınıs
0%
Japan 17016 Hinode
0%
United States 17155 Hinsdale
0%
Canada 9882 Hinton
0%
Philippines 29149 Hinunangan
0%
Philippines 12398 Hinundayan
0%
Switzerland 11179 Hinwil
0%
Japan 46671 Hioki
0%
Vietnam 15468 Hiệp Hòa
0%
India 10117 Hipparga
0%
United Kingdom 11308 Hipperholme
0%
Japan 28822 Hirado
0%
Japan 396694 Hirakata
0%
Japan 30326 Hirakawachō
0%
India 34840 Hīrākud
0%
India 8756 Hiramandalam
0%
Japan 9964 Hiranai
0%
Japan 11831 Hirao
0%
Japan 257662 Hiratsuka
0%
Japan 8986 Hirayama
0%
India 10350 Hirehadagalli
0%
India 9181 Hirehalli
0%
India 8996 Hirehāluhosahalli
0%
India 20951 Hirekerūr
0%
India 10131 Hire Megalageri
0%
India 8618 Hire Vadvatti
0%
India 64423 Hiriyūr
0%
Ethiopia 16726 Hīrna
0%
India 8767 Hirni
0%
Ukraine 10357 Hirnyk
0%
Japan 19801 Hirokawa
0%
Japan 14757 Hirono
0%
India 22599 Hirpardangal
0%
Egypt 24359 Hirrīyat Raznah
0%
Germany 12607 Hirschaid
0%
Ukraine 9100 Hirske
0%
France 8565 Hirson
0%
India 307024 Hisar
0%
India 10352 Hisar
0%
Tajikistan 308100 Hisor
0%
India 13189 Hissāramuruvani
0%
India 33270 Hisuā
0%
Japan 172709 Hitachi
0%
Japan 154311 Hitachi-Naka
0%
Japan 38836 Hitachiomiya
0%
Japan 47586 Hitachi-ota
0%
United Kingdom 34266 Hitchin
0%
Maldives 10398 Hithadhoo
0%
Japan 31332 Hitoyoshi
0%
Turkey 12409 Hizan
0%
Denmark 25917 Hjørring
0%
Burma 11511 Hlaingbwe
0%
Eswatini 2748 Hlatikulu
0%
Burma 40078 Hlegu
0%
Ukraine 8800 Hlevakha
0%
Czechia 9577 Hlinsko
0%
Ukraine 8955 Hlobyne
0%
Slovakia 20556 Hlohovec
0%
Vietnam 172915 Hạ Long
0%
Czechia 13421 Hlučín
0%
Ukraine 31789 Hlukhiv
0%
Ukraine 9226 Hlyboka
0%
Belarus 17746 Hlybokaye
0%
Vietnam 41922 Hố Nai
0%
Vietnam 101155 Hồng Ngự
0%
Ukraine 12191 Hnivan
0%
Vietnam 234567 Hòa Bình
0%
Vietnam 152339 Hòa Thành
0%
Vietnam 13871 Hòa Thượng
0%
United States 14313 Hobe Sound
0%
Somalia 11800 Hobyo
0%
Germany 9601 Höchberg
0%
Switzerland 9844 Hochdorf
0%
Germany 18810 Hochheim am Main
0%
Germany 14063 Höchstadt an der Aisch
0%
Germany 10320 Höchst im Odenwald
0%
Germany 21631 Hockenheim
0%
United States 13608 Hockessin
0%
United Kingdom 9639 Hockley
0%
India 51050 Hodal
0%
Japan 12061 Hōdatsushimizu
0%
United Kingdom 42253 Hoddesdon
0%
Israel 56659 Hod HaSharon
0%
Hungary 41781 Hódmezővásárhely
0%
Czechia 23657 Hodonín
0%
Slovenia 280 Hodoš
0%
Belgium 11172 Hoeilaart
0%
France 11413 Hœnheim
0%
Korea, North 153532 Hoeryŏng
0%
Belgium 9685 Hoeselt
0%
Iceland 2389 Höfn
0%
Sweden 16274 Höganäs
0%
Paraguay 5306 Hohenau
0%
Germany 9018 Hohenbrunn
0%
Austria 16946 Hohenems
0%
Germany 9636 Hohenhameln
0%
Germany 11417 Höhenkirchen-Siegertsbrunn
0%
Germany 9395 Hohenmölsen
0%
Germany 27131 Hohen Neuendorf
0%
Germany 13937 Hohenstein-Ernstthal
0%
China 23776 Hoh Ereg
0%
Ghana 56202 Hohoe
0%
Germany 9439 Höhr-Grenzhausen
0%
Uganda 122700 Hoima
0%
India 36638 Hojāi
0%
Turkmenistan 21465 Hojambaz
0%
Japan 45910 Hokota
0%
Japan 14010 Hokuei
0%
India 9088 Hokur Badasgom
0%
India 14593 Holalagondi
0%
India 19237 Holalkere
0%
India 11812 Holalu
0%
Ukraine 13544 Hola Prystan
0%
Denmark 29960 Holbæk
0%
United Kingdom 10458 Holbeach
0%
United Kingdom 13023 Holborn
0%
United States 26256 Holbrook
0%
United States 11320 Holbrook
0%
India 35671 Hole Narsipur
0%
Czechia 11556 Holešov
0%
Slovakia 11214 Holíč
0%
United States 21768 Holiday
0%
United States 12896 Holiday City-Berkeley
0%
Austria 11681 Hollabrunn
0%
United States 31236 Holladay
0%
United States 17005 Hollins
0%
United Kingdom 10920 Hollinwood
0%
United States 14964 Holliston
0%
Sweden 10607 Höllviken
0%
United States 13002 Holly Hill
0%
United States 8566 Hollymead
0%
United States 17401 Holmdel
0%
Israel 194300 Holon
0%
Belgium 9905 Holsbeek
0%
Denmark 37022 Holstebro
0%
United States 19250 Holtsville
0%
Ukraine 26654 Holubivske
0%
United Kingdom 12084 Holyhead
0%
United Kingdom 8886 Holywell
0%
Germany 13841 Holzgerlingen
0%
Germany 20217 Holzminden
0%
Germany 17587 Holzwickede
0%
Kenya 32174 Homa Bay
0%
India 15000 Hombal
0%
Mali 23099 Hombori
0%
Switzerland 8756 Hombrechtikon
0%
United States 11430 Home Gardens
0%
United States 24516 Homer Glen
0%
India 48202 Homnābād
0%
United States 15465 Homosassa Springs
0%
India 23527 Honāvar
0%
Turkey 34074 Honaz
0%
Japan 644668 Honchō
0%
Japan 116477 Honchō
0%
Japan 28073 Honchō
0%
United States 8508 Hondo
0%
Dominican Republic 10587 Hondo Valle
0%
Norway 16547 Hønefoss
0%
United States 12022 Honeygo
0%
China 289999 Hong’an
0%
India 9296 Honganur
0%
China 40985 Hongfengcun
0%
China 12700 Honggu
0%
China 341706 Hongjiang
0%
China 10079 Hongliuwan
0%
Korea, South 100000 Hongseong
0%
China 53475 Hongshandian
0%
China 19718 Hongshui
0%
China 15938 Hongsi
0%
China 8527 Hongtuliang
0%
United Kingdom 11156 Honiton
0%
Japan 120389 Honmachi
0%
Japan 22047 Honmachi
0%
Japan 11302 Honmachi
0%
India 20549 Honnāli
0%
Germany 9800 Hönow
0%
India 10981 Honwāda
0%
India 9916 Honwāda
0%
Netherlands 22080 Hoogezand
0%
Netherlands 10587 Hoogland
0%
Belgium 9950 Hooglede
0%
Belgium 21424 Hoogstraten
0%
Netherlands 35575 Hoogvliet
0%
United Kingdom 9069 Hook
0%
United States 14949 Hooksett
0%
United States 9220 Hooper
0%
South Africa 89917 Hoopstad
0%
Turkey 23846 Hopa
0%
United States 14470 Hopatcong
0%
United States 17823 Hope Mills
0%
South Africa 10259 Hopetown
0%
United States 19050 Hopkinton
0%
Germany 18556 Hoppegarten
0%
United States 8792 Hoquiam
0%
Belarus 22679 Horad Smalyavichy
0%
Turkey 36519 Horasan
0%
Germany 25695 Horb am Neckar
0%
United Kingdom 10002 Horbury
0%
Switzerland 23319 Horgen
0%
Czechia 8587 Hořice
0%
Ukraine 49854 Horishni Plavni
0%
United States 23069 Horizon City
0%
Brazil 18851 Horizontina
0%
United States 62152 Horizon West
0%
Slovenia 1169 Horjul
0%
Belarus 28961 Horki
0%
United Kingdom 27426 Horley
0%
Puerto Rico 11166 Hormigueros
0%
Germany 17329 Horn-Bad Meinberg
0%
United Kingdom 63583 Hornchurch
0%
United Kingdom 13488 Horndean
0%
United States 12021 Hornsby Bend
0%
United Kingdom 8791 Hornsea
0%
United Kingdom 12659 Hornsey
0%
Ukraine 8812 Horodenka
0%
Ukraine 11506 Horodnia
0%
Ukraine 17746 Horodok
0%
Ukraine 16085 Horodok
0%
Ukraine 13062 Horodyshche
0%
Ukraine 8925 Horokhiv
0%
Paraguay 60031 Horqueta
0%
Costa Rica 24331 Horquetas
0%
United States 19011 Horseheads
0%
United Kingdom 9384 Horsell
0%
United Kingdom 21555 Horsforth
0%
United Kingdom 50934 Horsham
0%
United States 26699 Horsham
0%
Australia 15134 Horsham
0%
Denmark 47836 Hørsholm
0%
Netherlands 13080 Horst
0%
Germany 21049 Hörstel
0%
Portugal 14331 Horta
0%
Norway 20504 Horten
0%
Switzerland 14243 Horw
0%
United Kingdom 20690 Horwich
0%
India 10668 Hosahalli
0%
India 9878 Hosahalli
0%
Ethiopia 69995 Hosa’ina
0%
India 16868 Hosakote
0%
Korea, South 108883 Hosan
0%
Germany 13323 Hösbach
0%
India 29684 Hosdurga
0%
India 128599 Hoshangābād
0%
Mongolia 8744 Höshööt
0%
India 12596 Hosir
0%
Papua New Guinea 871 Hoskins
0%
India 47946 Hoskote
0%
India 206167 Hospet
0%
Czechia 9155 Hostivice
0%
Ukraine 18466 Hostomel
0%
Mexico 8732 Hostotipaquillo
0%
India 8574 Hosuru
0%
India 8978 Hosūru
0%
China 322300 Hotan
0%
United States 16509 Hot Springs Village
0%
China 44360 Houbu
0%
United Kingdom 36746 Houghton le Spring
0%
United Kingdom 19692 Houghton Regis
0%
France 33617 Houilles
0%
Taiwan 34355 Houlong
0%
Tunisia 84494 Houmt Souk
0%
Burkina Faso 87154 Houndé
0%
United Kingdom 103337 Hounslow
0%
Netherlands 50223 Houten
0%
Belgium 10032 Houthulst
0%
Mongolia 26023 Hovd
0%
Germany 16704 Hövelhof
0%
Iran 19481 Hoveyzeh
0%
Azerbaijan 85000 Hövsan
0%
United States 53661 Howell
0%
United States 10074 Howell
0%
South Africa 21639 Howick
0%
India 22083 Howli
0%
China 19520 Hoxut
0%
Japan 102720 Hōyachō
0%
Norway 20353 Høyland
0%
United Kingdom 11852 Hoyland Nether
0%
Spain 8811 Hoyo de Manzanares
0%
Benin 10076 Hozin
0%
Burma 421525 Hpa-An
0%
Czechia 18024 Hranice
0%
Slovenia 4962 Hrastnik
0%
Armenia 52283 Hrazdan
0%
Ukraine 10541 Hrebinka
0%
Slovenia 353 Hrib-Loški Potok
0%
Poland 16832 Hrubieszów
0%
Burma 9392 Hsenwi
0%
Burma 106427 Htison
0%
Chile 9665 Huachipato
0%
Peru 200585 Huacho
0%
China 341308 Huadian
0%
China 38904 Huadong
0%
Thailand 65983 Hua Hin
0%
China 22935 Huaibaijie
0%
China 56936 Huaixiangcun
0%
China 50859 Huaiyang
0%
China 1264000 Huaiyin
0%
Thailand 12337 Huai Yot
0%
China 59657 Huajiang
0%
China 67415 Huajing
0%
Chile 8720 Hualaihué
0%
Chile 9303 Hualañe
0%
Taiwan 99458 Hualien
0%
Chile 20968 Hualqui
0%
Peru 39806 Huamachuco
0%
Mexico 51996 Huamantla
0%
Peru 49570 Huancavelica
0%
Peru 71379 Huanchaco
0%
Mexico 11592 Huandacareo
0%
China 5882719 Huanggang
0%
China 484313 Huanghua
0%
China 39600 Huanghuajie
0%
China 28282 Huanghuajing
0%
China 231399 Huangjingkeng
0%
China 4564900 Huanglongsi
0%
China 1330565 Huangshan
0%
China 19753 Huangtong
0%
China 31087 Huangxicun
0%
China 13857 Huangyadong
0%
China 38904 Huangyoutang
0%
China 22233 Huangzhai
0%
China 11909 Huanian
0%
Mexico 20117 Huanímaro
0%
China 57360 Huaniu
0%
China 39052 Huanren
0%
Peru 30234 Huanta
0%
Peru 196627 Huánuco
0%
Bolivia 20336 Huanuni
0%
Mexico 26114 Huaquechula
0%
Ecuador 56021 Huaquillas
0%
Peru 79011 Huaral
0%
Peru 118836 Huaraz
0%
Peru 9700 Huari
0%
Peru 16172 Huarmey
0%
Mexico 15201 Huasca de Ocampo
0%
Chile 8977 Huasco
0%
China 14610 Huasuo
0%
Mexico 30324 Huatabampo
0%
Taiwan 44245 Huatan
0%
Mexico 60674 Huatusco
0%
Mexico 58957 Huauchinango
0%
Peru 40400 Huaura
0%
Mexico 22521 Huautla
0%
Peru 160000 Huaycan
0%
China 205119 Huayin
0%
Mexico 12766 Huazalingo
0%
China 51603 Huazangsi
0%
United Kingdom 8826 Hucclecote
0%
China 14993 Huchuan
0%
Germany 41594 Hückelhoven
0%
Germany 14770 Hückeswagen
0%
Germany 16303 Hude
0%
Sweden 15015 Hudiksvall
0%
India 20000 Hudli
0%
Mexico 77682 Huebampo
0%
Guatemala 136639 Huehuetenango
0%
Mexico 18803 Huehuetla
0%
Mexico 59721 Huehuetoca
0%
Mexico 59822 Huejotzingo
0%
Mexico 22083 Huejúcar
0%
Mexico 10015 Huejuquilla el Alto
0%
Mexico 40015 Huejutla de Reyes
0%
Spain 18584 Huércal de Almería
0%
Spain 20609 Huércal-Overa
0%
Spain 10653 Huétor-Tájar
0%
Spain 12294 Huétor Vega
0%
Mexico 43309 Hueyapan de Ocampo
0%
Mexico 8511 Hueyotlipan
0%
United States 16541 Hueytown
0%
Australia 1004 Hughenden
0%
India 288090 Hugli
0%
United States 16076 Hugo
0%
China 13074 Huguan Nongchang
0%
China 334213 Huichang
0%
Mexico 47425 Huichapan
0%
Korea, North 168180 Hŭich’ŏn
0%
China 390531 Huili Chengguanzhen
0%
China 967313 Huilong
0%
China 272332 Huilong
0%
China 23976 Huilong
0%
China 46000 Huilongcun
0%
China 23976 Huilongping
0%
China 230000 Huinan
0%
Argentina 9426 Huinca Renancó
0%
China 68958 Huishi
0%
Guatemala 14839 Huitán
0%
Guatemala 12021 Huité
0%
Finland 9646 Huittinen
0%
Mexico 15096 Huitzilan
0%
Mexico 12148 Huixcolotla
0%
Mexico 284965 Huixquilucan
0%
Mexico 32109 Huixtla
0%
Netherlands 41090 Huizen
0%
El Salvador 14465 Huizúcar
0%
Pakistan 70204 Hujra Shah Muqim
0%
India 25014 Hukeri
0%
Taiwan 81550 Hukou
0%
Tajikistan 24500 Hulbuk
0%
Belgium 9892 Huldenberg
0%
India 22511 Hulikal
0%
China 267870 Hulin
0%
India 14304 Huliyār
0%
India 13149 Hulkoti
0%
India 15000 Hullahalli
0%
India 12408 Hullatti
0%
Germany 13189 Hüllhorst
0%
Belgium 10471 Hulshout
0%
Netherlands 27575 Hulst
0%
Puerto Rico 15893 Humacao
0%
Argentina 11369 Humahuaca
0%
Brazil 57473 Humaitá
0%
Spain 19838 Humanes de Madrid
0%
South Africa 28990 Humansdorp
0%
China 15207 Humayingcun
0%
Brazil 28932 Humberto de Campos
0%
United States 16489 Humble
0%
Slovakia 31359 Humenné
0%
Denmark 9855 Humlebæk
0%
Angola 89144 Humpata
0%
Czechia 11447 Humpolec
0%
India 13932 Hunasagi
0%
India 9741 Hunasamaranhalli
0%
China 225454 Hunchun
0%
Denmark 8520 Hundested
0%
Philippines 8866 Hunduan
0%
Romania 50457 Hunedoara
0%
Switzerland 8807 Hünenberg
0%
Germany 17130 Hünfeld
0%
Germany 13033 Hungen
0%
India 23808 Hungund
0%
Vietnam 118646 Hưng Yên
0%
India 57948 Hunsūr
0%
United States 21255 Hunters Creek
0%
United States 10984 Huntertown
0%
United States 33283 Huntington Station
0%
United States 27859 Huntley
0%
Mexico 24910 Hunucmá
0%
Germany 13980 Hünxe
0%
China 12410 Huodoushancun
0%
China 78250 Huolu
0%
Vietnam 16341 Hương Canh
0%
Vietnam 95299 Hương Thủy
0%
Vietnam 72677 Hương Trà
0%
China 272987 Huozhou
0%
China 66271 Huquan
0%
Somalia 176 Hurdiyo
0%
Argentina 176505 Hurlingham
0%
Canada 9138 Huron East
0%
United States 21677 Hurricane
0%
Germany 8993 Hürtgenwald
0%
Ethiopia 16922 Huruta
0%
Ukraine 8933 Hurzuf
0%
India 30942 Husainābād
0%
India 20244 Husainpur
0%
Faroe Islands 150 Húsavík
0%
India 19546 Huseni
0%
India 11986 Husepur
0%
China 19495 Hushihacun
0%
Romania 25045 Huşi
0%
Sweden 22000 Huskvarna
0%
India 29648 Husnābād
0%
India 9082 Hussepur
0%
India 12000 Huvin Hippargi
0%
Taiwan 70300 Huwei
0%
United Kingdom 33193 Huyton
0%
Turkey 15144 Hüyük
0%
India 37656 Huzūrābād
0%
India 35850 Huzūrnagar
0%
Faroe Islands 713 Hvalba
0%
Faroe Islands 414 Hvannasund
0%
Ukraine 12589 Hvardiiske
0%
Zimbabwe 21300 Hwange
0%
Korea, South 941489 Hwasu-dong
0%
United Kingdom 12107 Hwlffordd
0%
United States 17877 Hybla Valley
0%
Pakistan 1732693 Hyderabad City
0%
Korea, North 192680 Hyesan
0%
Congo (Kinshasa) 52921 Hyosha
0%
United States 10022 Hyrum
0%
United Kingdom 20526 Hythe
0%
United Kingdom 14170 Hythe
0%
Japan 59276 Hyūga
0%
Syria 8817 Ḩīsh
0%
Iran 9177 Ḩorr-e Rīāḩī
0%
Afghanistan 26724 Ḩukūmatī Baghrān
0%
Afghanistan 12000 Ḩukūmatī Gīzāb
0%
No matching quizzes found
Score Distribution
Percent of People with Each Score
Percentile by Number Answered
Your Score History
You have not taken this quiz